000 00240nam a2200097Ia 4500
001 716653
005 20250826162948.0
008 250824s9999 xx 000 0 und d
245 0 _aHAYALETİN KABUSU
_cJOSEPH DELANEY
260 _bTUDEM YAYINLARI
999 _c716653
_d716653